000
00335nam a22001457a 4500
008
230124b ||||| |||| 00| 0 eng d
020
_a
2900765625440
041
_a
eng
080
_2
SECOND EDITION
_a
330
082
_a
330BER
100
_a
23
101
_a
ECON
245
_a
INTERNATIONAL ECONOMICS
_c
BERG DEN V H
942
_2
udc
_c
BK
999
_c
59257
_d
59257